00322nam a2200121Ia 4500008004100000041000800041082001200049100002300061245002400084260003200108300001800140520004200158240719s9999 xx 000 0 und d aeng a828 KAN aKanisetti, Anirudh aLords Of The Deccan aNew DelhibJuggernautc2022 a460 P.; 24 Cm aFaculty Purchase By Dr. Senthil Kumar